Unity artificial intelligence programming (Record no. 63733)
[ view plain ]
| 000 -LEADER | |
|---|---|
| fixed length control field | 00335nam a22001337a 4500 |
| 008 - FIXED-LENGTH DATA ELEMENTS--GENERAL INFORMATION | |
| fixed length control field | 250915b |||||||| |||| 00| 0 eng d |
| 020 ## - INTERNATIONAL STANDARD BOOK NUMBER | |
| International Standard Book Number | 9781803238531 |
| 100 ## - MAIN ENTRY--PERSONAL NAME | |
| Personal name | Aversa, Davide |
| 245 ## - TITLE STATEMENT | |
| Title | Unity artificial intelligence programming |
| 250 ## - EDITION STATEMENT | |
| Edition statement | 5th Ed. |
| 260 ## - PUBLICATION, DISTRIBUTION, ETC. (IMPRINT) | |
| Place of publication, distribution, etc | Mumbai |
| Name of publisher, distributor, etc | Packt Publisher |
| Date of publication, distribution, etc | 2022 |
| 300 ## - PHYSICAL DESCRIPTION | |
| Extent | 288 |
| 942 ## - ADDED ENTRY ELEMENTS (KOHA) | |
| Item type | Books |
| Withdrawn status | Lost status | Source of classification or shelving scheme | Damaged status | Not for loan | Collection code | Home library | Current library | Shelving location | Date acquired | Source of acquisition | Cost, normal purchase price | Total Checkouts | Full call number | Barcode | Date last seen | Koha item type | Public note |
|---|---|---|---|---|---|---|---|---|---|---|---|---|---|---|---|---|---|
| Dewey Decimal Classification | Under Graduation | College of Design and Digital Trans Media | College of Design and Digital Trans Media | Design and Digital trans media | 15/09/2025 | Book Paradise | 2905.00 | 794.8 AVE | DD368 | 15/09/2025 | Reference | Rack No. R14 Shelf No. 19 | |||||
| Dewey Decimal Classification | Under Graduation | College of Design and Digital Trans Media | College of Design and Digital Trans Media | Design and Digital trans media | 15/09/2025 | Book Paradise | 2905.00 | 794.8 AVE | DD369 | 15/09/2025 | Circulation | Rack No. R11 Shelf No. 18 |
